000 00653nam a22001337a 4500
040 _cRUA
082 _aAGR IN 2021 B1-586 Or.
100 _aIN VANRITH អ៊ិន​​ វណ្ណរិទ្ធ
245 _aEFFECT OF PLANT SPACING ON GROWTH AND YIELD OF GREEN MUSTARD (Brassica juncea) ឥទ្ធិពលចន្លោះគុម្ពទៅលើការលូតលាស់ និងទិន្នផលរបស់់ដំណាំស្ពៃខៀវ
260 _aPHNOM PENH
_bRUA
_c2021
300 _aX.32P
_bVII.
_c29CM
856 _uhttps://drive.google.com/file/d/1cWGNnKwuF28pUraGI9Jmc5xTWUMXkACx/view?usp=sharing
942 _cAGR
999 _c22714
_d22714